00695 2200181 4500245003300000020001800033250001100051100001400062700002700076650002000103005001900123260003000142041001400172084000800186300002700194500028300221336000900504 aSleepaholiccFidriwidahText a979-780-120-9 aCet. 1 aFidriwida aResita Wahyu Febiratri aNovel Indonesia a20231005073536 aJakartabGagasMediac2007 aIndonesia a813 avi, 302 hlm. :c19 cm. asemua orang pasti butuh tidur, tetapi kalo Jazzy punya hobi tidur-anytime, anywhere. efek sampingnya, ia sering kali telat ke kantor, ketiduran saat kerja, lupa jadwal, dan lain sebagainya. Lucky her, semua orang di sekitarnya bisa memakluminya- temaqn-temannya selalu menolong. atext